00349 a2200145 4500001000700000040002200007041001600029082001800045100003800063245003200101250001300133260003600146300000800182362001300190145083 cLeonardo Da Vinci aPortuguês a18 D111bD111 aMASTRAL, DanielaMASTRAL, Isabela aVoz do que clama no deserto a18º ed. bEditora Naosc2005aSão Paulo a511 a20050000